| 000 | 00699nam a2200217 a 4500 | ||
|---|---|---|---|
| 005 | 20240806064135.0 | ||
| 008 | 991125s1986 mx 000 0 spa u | ||
| 035 | _aUPN01000056109 | ||
| 049 | _aCG | ||
| 050 | 4 |
_aBF173 _bT48 |
|
| 100 | 1 | _aJensen, Henning | |
| 245 | 1 | 0 |
_aTeoría crítica del sujeto : _bensayos sobre psicoanálisis y materialismo histórico / _ccoord. y tr. Henning Jensen. |
| 260 |
_aMéxico : _bSiglo XXI, _c1986. |
||
| 300 | _a202 p. | ||
| 440 | 0 | _aFilosofía | |
| 590 | _a(También localizas un ejemplar en el "Area de Reserva") | ||
| 590 | _aBibliografía Básica (BGTQ) | ||
| 650 | 4 |
_aMaterialismo dialéctico _94555 |
|
| 650 | 4 |
_aPsicoanálisis _91572 |
|
| 905 | _aLibro | ||
| 999 |
_c56109 _d56109 |
||